Modern chemistry / (Record no. 13506)
[ view plain ]
| 000 -LEADER | |
|---|---|
| fixed length control field | 00466cam a2200193ua 4500 |
| 041 ## - LANGUAGE CODE | |
| Language code of text/sound track or separate title | eng |
| 082 ## - DEWEY DECIMAL CLASSIFICATION NUMBER | |
| Classification number | 540 |
| Item number | OXT/MO |
| 100 ## - MAIN ENTRY--AUTHOR NAME | |
| Personal name | Oxtoby, David W . |
| 245 ## - TITLE STATEMENT | |
| Title | Modern chemistry / |
| 260 ## - PUBLICATION, DISTRIBUTION, ETC. (IMPRINT) | |
| Place of publication | Australia : |
| Name of publisher | Brooks/Cole , |
| Year of publication | 2008. |
| 300 ## - PHYSICAL DESCRIPTION | |
| Number of Pages | ; . |
| 700 1# - ADDED ENTRY--PERSONAL NAME | |
| Personal name | Campion, Alan . |
| 700 1# - ADDED ENTRY--PERSONAL NAME | |
| Personal name | Gillis, H.P . |
| 942 ## - ADDED ENTRY ELEMENTS (KOHA) | |
| Koha item type | Books |
| Withdrawn status | Lost status | Damaged status | Home library | Current library | Date acquired | Full call number | Accession Number | Koha item type |
|---|---|---|---|---|---|---|---|---|
| KAUAET | KAUAET | 07/04/2012 | 540 OXT/MO | 21965 | Books |
